<?xml version="1.0" encoding="UTF-8"?>
<record
    xmlns:xsi="http://www.w3.org/2001/XMLSchema-instance"
    xsi:schemaLocation="http://www.loc.gov/MARC21/slim http://www.loc.gov/standards/marcxml/schema/MARC21slim.xsd"
    xmlns="http://www.loc.gov/MARC21/slim">

  <leader>01935cam a22003014a 4500</leader>
  <controlfield tag="008">060407s2006    maua     b    001 0 eng  </controlfield>
  <datafield tag="010" ind1=" " ind2=" ">
    <subfield code="a">  2006011943</subfield>
  </datafield>
  <datafield tag="020" ind1=" " ind2=" ">
    <subfield code="a">155725432X</subfield>
  </datafield>
  <datafield tag="020" ind1=" " ind2=" ">
    <subfield code="a">9781557254320</subfield>
  </datafield>
  <datafield tag="040" ind1=" " ind2=" ">
    <subfield code="a">DLC</subfield>
    <subfield code="c">DLC</subfield>
    <subfield code="d">BAKER</subfield>
    <subfield code="d">C#P</subfield>
    <subfield code="d">YDXCP</subfield>
    <subfield code="d">VP@</subfield>
    <subfield code="d">BTCTA</subfield>
    <subfield code="d">DLC</subfield>
  </datafield>
  <datafield tag="050" ind1="0" ind2="0">
    <subfield code="a">BT603</subfield>
    <subfield code="b">.S94 2006</subfield>
  </datafield>
  <datafield tag="082" ind1="0" ind2="0">
    <subfield code="a">232.91</subfield>
    <subfield code="2">22</subfield>
  </datafield>
  <datafield tag="092" ind1="0" ind2="4">
    <subfield code="a">273.291</subfield>
    <subfield code="b">S9744</subfield>
    <subfield code="2">21</subfield>
  </datafield>
  <datafield tag="099" ind1=" " ind2=" ">
    <subfield code="a">04</subfield>
    <subfield code="a">273.291 S9744</subfield>
  </datafield>
  <datafield tag="100" ind1="1" ind2=" ">
    <subfield code="a">Sweeney, Jon M.,</subfield>
    <subfield code="d">1967-</subfield>
  </datafield>
  <datafield tag="245" ind1="1" ind2="0">
    <subfield code="a">Strange heaven :</subfield>
    <subfield code="b">the Virgin Mary as woman, mother, disciple, and advocate /</subfield>
    <subfield code="c">Jon M. Sweeney.</subfield>
  </datafield>
  <datafield tag="260" ind1=" " ind2=" ">
    <subfield code="a">Brewster, Mass. :</subfield>
    <subfield code="b">Paraclete Press,</subfield>
    <subfield code="c">c2006.</subfield>
  </datafield>
  <datafield tag="300" ind1=" " ind2=" ">
    <subfield code="a">ix, 233 p. :</subfield>
    <subfield code="b">ill. ;</subfield>
    <subfield code="c">21 cm.</subfield>
  </datafield>
  <datafield tag="504" ind1=" " ind2=" ">
    <subfield code="a">Includes bibliographical references and index.</subfield>
  </datafield>
  <datafield tag="505" ind1="0" ind2=" ">
    <subfield code="a">Introduction: imagining Mary -- Why a virgin? -- A legend foretold by the Hebrew Prophets -- Was Mary the first disciple? (the Gospels) -- Mary and the Apostle Paul (why is he silent?) -- Mary in the non-canonical Gospels -- Mystical glosses that further added to the myth -- Appearing now in a field near you (apparitions and visions) -- Praying by hand (the rosary) -- "Hail Mary, full of grace" (and other evolved spiritual practices) -- Thousands of our ladies (feasts and titles) -- The gate of heaven (difficult dogma) -- Theotokos (divine motherhood) -- Immaculate Conception (removing the taint of sex) -- The Assumption of Our Lady (resolving spirit and matter) -- Co-redeemer with Christ (the chicken before the egg) -- Mary's milk of grace -- Unfortunate teachings of Bernard of Clairvaux and others -- Martin Luther's love for the Virgin -- The feminine face of God -- Strange heaven.</subfield>
  </datafield>
  <datafield tag="600" ind1="0" ind2="0">
    <subfield code="a">Mary,</subfield>
    <subfield code="c">Blessed Virgin, Saint.</subfield>
  </datafield>
  <datafield tag="856" ind1="4" ind2="1">
    <subfield code="3">Table of contents</subfield>
    <subfield code="u">http://www.loc.gov/catdir/toc/ecip0612/2006011943.html</subfield>
  </datafield>
  <datafield tag="902" ind1=" " ind2=" ">
    <subfield code="a">1</subfield>
  </datafield>
  <datafield tag="905" ind1=" " ind2=" ">
    <subfield code="a">Eman</subfield>
    <subfield code="e">Rev.</subfield>
  </datafield>
  <datafield tag="905" ind1=" " ind2=" ">
    <subfield code="a">Jihan</subfield>
    <subfield code="e">Cat.</subfield>
  </datafield>
  <datafield tag="942" ind1=" " ind2=" ">
    <subfield code="2">ddc</subfield>
    <subfield code="c">BK</subfield>
  </datafield>
  <datafield tag="999" ind1=" " ind2=" ">
    <subfield code="c">117927</subfield>
    <subfield code="d">117927</subfield>
  </datafield>
  <datafield tag="952" ind1=" " ind2=" ">
    <subfield code="2">ddc</subfield>
    <subfield code="7">0</subfield>
    <subfield code="a">CUCL</subfield>
    <subfield code="b">cl220</subfield>
    <subfield code="d">2024-02-11</subfield>
    <subfield code="o">273.291 S9744</subfield>
    <subfield code="p">01000110192172000</subfield>
    <subfield code="r">2023-09-23 00:00:00</subfield>
    <subfield code="t">C.1</subfield>
    <subfield code="y">BK</subfield>
  </datafield>
</record>
